000 00408 a2200145 4500
005 20250629112937.0
020 _a978-1-84480-095-7
082 _a658 COL
100 _aCOLE.G.
245 _aManagement Theory and Practice
250 _a6th Ed.
260 _aLondon,
_bSouth-Western CENGAGE Learning,
_c2004.
300 _axi,481p.:ill.;figures,tables
_bAppendix,Bibliography and Index
_c25cm
942 _2ddc
_cBKS
999 _c6288
_d6288